Statistics for Scottish Footballer of the year

Click here to take the quiz!

General Stats

  • This quiz has been taken 96 times
    (59 since last reset)
  • The average score is 9 of 23

Answer Stats

HintClubAnswer% Correct
1998-99 | 2000-01CelticHenrik Larsson
87%
2008-09CelticScott Brown
76%
2003-04CelticChris Sutton
67%
2002-03RangersBarry Ferguson
57%
2004-05CelticJohn Hartson
57%
2015-16CelticLeigh Griffiths
57%
2016-17CelticScott Sinclair
52%
1995-96RangersBrian Laudrup
50%
2006-07CelticShunsuke Nakamura
39%
2004-05RangersFernando Ricksen
35%
2009-10RangersSteven Davis
33%
2012-13MotherwellMichael Higdon
33%
1996-97RangersPaul Gascoigne
33%
2013-14CelticKris Commons
30%
2007-08CelticAiden McGeady
26%
2014-15CelticStefan Johansen
24%
2010-11CelticEmilio Izaguirre
19%
2011-12CelticCharlie Mulgrew
19%
1997-98CelticJackie McNamara
19%
2005-06CelticShaun Maloney
19%
1999-00CelticMark Viduka
11%
2001-02RangersLorenzo Amoruso
9%

Score Distribution

Percentile by Number Answered

Percent of People with Each Score

Your Score History

You have not taken this quiz since the last reset